00481nam a2200169Ia 450000500170000000800410001704000190005804100120007708200130008924500660010226000380016830000120020650400190021865000180023765100460025585000100030120230613125909.0131103s9999 xx 000 0 und d aLoreto College aEnglish a804bIDE 4aThe idea of literatureb the foundation of English criticism  aMoscowbProgress Publishersc1979 a413 p.  aIncludes index aLiterature -  aLiterary Theory - Literary- Criticism -  aLCLIB